000 00214nam a22000857a 4500
008 161119b xxu||||| |||| 00| 0 eng d
100 _91290
_aKidz.O
245 _a101 Stories for Girls
260 _aNew Delhi
_bOm.Kidz
_c2012
999 _c3994
_d3994